| 000 | 01678cam a22003857a 4500 | ||
|---|---|---|---|
| 001 | 740 | ||
| 005 | 20230908135453.0 | ||
| 020 | _a9780439560603 | ||
| 040 |
_aCHY _cCHY _dIHI _dOCLCQ _dDLC _beng |
||
| 050 | 0 | 0 | _aQL737.C4 |
| 082 | _a599.5 | ||
| 100 | 1 | _aDavidson, Susanna | |
| 245 | 1 | 0 |
_aWhales and dolphins / _cSusanna Davidson ; designed by Nelupa Hussain and Catherine-Anne MacKinnon ; illustrated by John Woodcock ; additional design work by Neil Francis ; consultant: Sónia Mendes ; edited by Rosie Dickins and Gillian Doherty. |
| 260 |
_aNew York : _bScholastic, _c2003 |
||
| 300 |
_a48 pages : _bcolor illustrations, maps ; _c24 cm |
||
| 500 | _aOriginally published: London : Usborne, 2002. | ||
| 500 | _a"This edition is only available for distribution through the school market"--P. [4] of cover. | ||
| 500 | _a"Internet-linked"--Cover. | ||
| 500 | _aIncludes index. | ||
| 505 | _aT | ||
| 520 | _aProvides information about the physical characteristics, behavior and habitats of various kinds of whales and dolphins. Includes descriptions of recommended Web sites whose links are on the Usborne Quicklinks Web site. | ||
| 521 |
_a810
_bLexile |
||
| 521 |
_aT
_bRaz-Plus |
||
| 650 | 0 |
_aWhales _vNon-fiction. |
|
| 650 | 0 |
_aDolphins _vNon-fiction. |
|
| 650 | 0 |
_aWhales _xComputer network resources _vNon-fiction. |
|
| 650 | 0 |
_aDolphins _xComputer network resources _vNon-fiction. |
|
| 650 | 1 | _aWhales. | |
| 650 | 1 | _aDolphins. | |
| 700 | 1 |
_aDavidson, Susanna _d1953- _eillustrations. |
|
| 700 | 1 | _aDickins, Rosie. | |
| 700 | 1 | _aDoherty, Gillian. | |
| 906 |
_a7 _bcbc _ccopycat _d2 _encip _f20 _gy-gencatlg |
||
| 942 |
_2ddc _cBK _n0 |
||
| 999 |
_c740 _d740 |
||